| 000 -LEADER |
| fixed length control field |
00369nam a22001337a 4500 |
| 008 - FIXED-LENGTH DATA ELEMENTS--GENERAL INFORMATION |
| fixed length control field |
211228b ||||| |||| 00| 0 eng d |
| 100 ## - MAIN ENTRY--PERSONAL NAME |
| 9 (RLIN) |
1282 |
| Personal name |
Muthuswamy, P. |
| 245 10 - TITLE STATEMENT |
| Title |
Manual on establishment and administration |
| 250 ## - EDITION STATEMENT |
| Edition statement |
3rd ed. |
| 260 ## - PUBLICATION, DISTRIBUTION, ETC. (IMPRINT) |
| Place of publication, distribution, etc |
Madras: |
| Name of publisher, distributor, etc |
Swamy Publications, |
| Date of publication, distribution, etc |
1991. |
| 300 ## - PHYSICAL DESCRIPTION |
| Extent |
806 p. |
| 650 #0 - SUBJECT ADDED ENTRY--TOPICAL TERM |
| Topical term or geographic name as entry element |
Public Administration - India |
| 942 ## - ADDED ENTRY ELEMENTS (KOHA) |
| Item type |
Books |